| 000 | 00873nam a2200229 i 4500 | ||
|---|---|---|---|
| 001 | 23026 | ||
| 003 | ES-MaACL | ||
| 005 | 20250328165641.0 | ||
| 007 | t| | ||
| 008 | 021205s1966 sp ||||1| spa d | ||
| 100 | 1 |
_aAlonso, Martín. _920234 |
|
| 245 | 1 | 0 |
_aEspañol para extranjeros _b: conversación, traducción, correspondencia, vocabulario... / _cMartín Alonso. |
| 250 | _a[4ª ed.]. | ||
| 260 |
_a[Madrid] : _bAguilar, _c[1966] |
||
| 300 |
_aXX, 329 p. : _bil., 1 map. col. pleg. ; _c18 cm. |
||
| 510 |
_aCCPB, _c001337527-X |
||
| 852 |
_aES-MaACL _jD-6299 _bR.29243 _bR.M.5894 _923868 _cSVI _fSello en tinta azul de la Biblioteca del Ateneo de Madrid |
||
| 942 |
_2udc _cMONOGRAFIA |
||
| 999 |
_c23026 _d23026 |
||